Peace and conflict studies / (Record no. 16349)

000 -LEADER
fixed length control field 01659cam a22003254a 4500
001 - CONTROL NUMBER
control field 15168702
005 - DATE AND TIME OF LATEST TRANSACTION
control field 20170105102938.0
008 - FIXED-LENGTH DATA ELEMENTS--GENERAL INFORMATION
fixed length control field 080205s2008 caua b 001 0 eng
010 ## - LIBRARY OF CONGRESS CONTROL NUMBER
LC control number 2008004780
020 ## - INTERNATIONAL STANDARD BOOK NUMBER
International Standard Book Number 9781412961202 (pbk. : acidfree paper)
040 ## - CATALOGING SOURCE
Original cataloging agency DLC
Transcribing agency DLC
Modifying agency DLC
050 00 - LIBRARY OF CONGRESS CALL NUMBER
Classification number JZ5538
Item number .B37 2009
082 00 - DEWEY DECIMAL CLASSIFICATION NUMBER
Classification number 303.66
Edition number 22
Author Mark BAR 2009
100 1# - MAIN ENTRY--PERSONAL NAME
Personal name Barash, David P.
245 10 - TITLE STATEMENT
Title Peace and conflict studies /
Statement of responsibility, etc. David P. Barash, Charles P. Webel.
250 ## - EDITION STATEMENT
Edition statement 2nd ed.
260 ## - PUBLICATION, DISTRIBUTION, ETC.
Place of publication, distribution, etc. Thousand Oaks :
Name of publisher, distributor, etc. Sage Publications,
Date of publication, distribution, etc. c2009.
300 ## - PHYSICAL DESCRIPTION
Extent xvii, 523 p. :
Other physical details ill. ;
Dimensions 26 cm.
504 ## - BIBLIOGRAPHY, ETC. NOTE
Bibliography, etc. note Includes bibliographical references and index.
505 0# - FORMATTED CONTENTS NOTE
Formatted contents note The meanings of peace -- Peace movements -- The meanings of war -- The special significance of nuclear weapons -- The individual level -- The group level -- The state level -- The decision-making level -- The social and economic levels -- Diplomacy, negotiations, and conflict resolution -- Peace through strength? -- Disarmament and arms control -- International organizations -- International law -- World government -- Ethical and religious perspectives -- Human rights -- Ecological wholeness -- Economic well-being -- Nonviolence -- Toward the future.
650 #0 - SUBJECT ADDED ENTRY--TOPICAL TERM
Topical term or geographic name entry element Peace.
650 #0 - SUBJECT ADDED ENTRY--TOPICAL TERM
Topical term or geographic name entry element War.
650 #0 - SUBJECT ADDED ENTRY--TOPICAL TERM
Topical term or geographic name entry element Arms control.
650 #0 - SUBJECT ADDED ENTRY--TOPICAL TERM
Topical term or geographic name entry element Conflict management.
700 1# - ADDED ENTRY--PERSONAL NAME
Personal name Webel, Charles.
856 41 - ELECTRONIC LOCATION AND ACCESS
Materials specified Table of contents only
Uniform Resource Identifier <a href="http://www.loc.gov/catdir/toc/ecip0810/2008004780.html">http://www.loc.gov/catdir/toc/ecip0810/2008004780.html</a>
906 ## - LOCAL DATA ELEMENT F, LDF (RLIN)
a 7
b cbc
c orignew
d 1
e ecip
f 20
g y-gencatlg
942 ## - ADDED ENTRY ELEMENTS (KOHA)
Source of classification or shelving scheme
Koha item type Book
Holdings
Withdrawn status Lost status Damaged status Not for loan Collection code Permanent Location Current Location Shelving location Date acquired Total Checkouts Full call number Barcode Date last seen Price effective from Koha item type
          Centre for International Peace & Stability (CIPS) Centre for International Peace & Stability (CIPS) General Stacks 03/30/2016   303.66 BAR 2009 CIPS0002702 03/30/2016 03/30/2016 Book
© 2023 Central Library, National University of Sciences and Technology. All Rights Reserved.